| 000 | 00406nam a2200145Ia 4500 | ||
|---|---|---|---|
| 008 | 231019s9999 xx 000 0 und d | ||
| 020 | _a978-969-100044-5 | ||
| 082 |
_a658.1511 _bTUT-M |
||
| 100 | _aTutors-Emile Woolf | ||
| 245 | 0 | _aACCA F2 Management Accounting. Study Text | |
| 260 |
_aLahore, Pakistan _bProfessional Business Publication _c2007 |
||
| 300 | _a405 | ||
| 650 | _aAccounting | ||
| 999 |
_c34488 _d34488 |
||